<?xml version="1.0" encoding="UTF-8"?>
<record
    xmlns:xsi="http://www.w3.org/2001/XMLSchema-instance"
    xsi:schemaLocation="http://www.loc.gov/MARC21/slim http://www.loc.gov/standards/marcxml/schema/MARC21slim.xsd"
    xmlns="http://www.loc.gov/MARC21/slim">

  <leader>00803nam a2200229 i 4500</leader>
  <controlfield tag="001">37442</controlfield>
  <controlfield tag="003">ES-MaACL</controlfield>
  <controlfield tag="005">20230906155557.0</controlfield>
  <controlfield tag="007">t|</controlfield>
  <controlfield tag="008">030221s1971    sp           ||||1| spa d</controlfield>
  <datafield tag="080" ind1=" " ind2=" ">
    <subfield code="a">860:92(049.3)</subfield>
  </datafield>
  <datafield tag="100" ind1="1" ind2=" ">
    <subfield code="a">Caba, Rub&#xE9;n.</subfield>
    <subfield code="9">33053</subfield>
  </datafield>
  <datafield tag="245" ind1="1" ind2="0">
    <subfield code="a">389 escritores espa&#xF1;oles opinan sobre candentes cuestiones de pol&#xED;tica nacional e internacional / </subfield>
    <subfield code="c">Rub&#xE9;n Caba.</subfield>
  </datafield>
  <datafield tag="260" ind1=" " ind2=" ">
    <subfield code="a">Bilbao : </subfield>
    <subfield code="b">La Gran Enciclopedia Vasca, </subfield>
    <subfield code="c">1971.</subfield>
  </datafield>
  <datafield tag="300" ind1=" " ind2=" ">
    <subfield code="a">158 p. : </subfield>
    <subfield code="b">il. ; </subfield>
    <subfield code="c">19 cm.</subfield>
  </datafield>
  <datafield tag="490" ind1="1" ind2=" ">
    <subfield code="a">Reportaje-documento ; </subfield>
    <subfield code="v">9</subfield>
  </datafield>
  <datafield tag="650" ind1=" " ind2="4">
    <subfield code="a">Pol&#xED;tica mundial-</subfield>
    <subfield code="y">1945-1989-</subfield>
    <subfield code="x">Opini&#xF3;n p&#xFA;blica.</subfield>
    <subfield code="9">173771</subfield>
  </datafield>
  <datafield tag="650" ind1=" " ind2="4">
    <subfield code="a">Escritores espa&#xF1;oles-</subfield>
    <subfield code="y">S.XX-</subfield>
    <subfield code="x">Pensamiento pol&#xED;tico.</subfield>
    <subfield code="9">12392</subfield>
  </datafield>
  <datafield tag="830" ind1="1" ind2=" ">
    <subfield code="a">Reportaje-documento ; </subfield>
    <subfield code="v">9</subfield>
    <subfield code="9">229641</subfield>
  </datafield>
  <datafield tag="852" ind1="4" ind2=" ">
    <subfield code="a">ES-MaACL</subfield>
    <subfield code="j">C-45799</subfield>
  </datafield>
  <datafield tag="999" ind1=" " ind2=" ">
    <subfield code="c">37442</subfield>
    <subfield code="d">37442</subfield>
  </datafield>
  <datafield tag="952" ind1=" " ind2=" ">
    <subfield code="0">0</subfield>
    <subfield code="1">0</subfield>
    <subfield code="4">0</subfield>
    <subfield code="7">0</subfield>
    <subfield code="a">ATENEOM</subfield>
    <subfield code="b">ATENEOM</subfield>
    <subfield code="c">DEPO2</subfield>
    <subfield code="d">2008-01-17</subfield>
    <subfield code="e">SC</subfield>
    <subfield code="l">0</subfield>
    <subfield code="o">C-45799</subfield>
    <subfield code="p">1039408</subfield>
    <subfield code="r">2023-02-23 00:00:00</subfield>
    <subfield code="w">2023-02-23</subfield>
    <subfield code="y">MONOGRAFIA</subfield>
  </datafield>
</record>
